Slavic Countries - Sudden Death - Statistics

General Stats
  • This quiz has been taken 7,650 times
    263 since last reset
  • The average score is 7 of 13
Answers on the Grid
Answers color-coded by a green-red scale on the quiz's grid according to % correct below.
Albania
Armenia
Belarus
Bosnia and Herzegovina
Bulgaria
Croatia
Czech Republic
Estonia
Georgia
Greece
Hungary
Latvia
Lithuania
Moldova
Montenegro
North Macedonia
Poland
Romania
Russia
Serbia
Slovakia
Slovenia
Turkey
Ukraine
 
Answer Stats
Answer % Correct
Belarus
64%
Czech Republic
58%
Russia
57%
Bosnia and Herzegovina
55%
Croatia
55%
Ukraine
55%
Bulgaria
54%
Poland
54%
Serbia
53%
Slovakia
52%
Slovenia
48%
Montenegro
36%
North Macedonia
36%
No matching quizzes found
Score Distribution
Percent of People with Each Score
Percentile by Number Answered
Your Score History
You have not taken this quiz since the last reset